000 01303nam a22002297a 4500
999 _c11109
_d11109
003 AR-CdUCM
008 190402b ||||| |||| 00| 0 spa d
020 _a84-7764-185-6
040 _aMUNICIPALIDAD PROVINCIAL DEL CUSCO
_cBIBLIOTECA MUNICIPAL DEL CUSCO
082 _aES / 415 /
_bO28
110 _aOcéano Grupo Editorial
_928282
245 _aEl Mundo de la Gramática :
_bCurso teórico - práctico /
260 _aEspaña :
_bOcéano ;
_c1988.
300 _a84 páginas ;
_bFotografías, ilustraciones
_c26cm
505 _aContenido: t.1: El lenguaje y la lengua -- El lenguaje y el habla -- Lwngua e idioma -- Lengua culta - lengua vulgar -- El signo lingüístico... t.2: Formación de palabras -- Estudio general del sustantivo -- El adjetivo -- El artículo -- El adverbio... t.3: Estudio general del verbo -- El verbo desde el punto de vista semántico -- La oración -- El verbo y sus modificaciones -- Clasificación de las oraciones... t.4: La oración compuesta -- Oración compuesta por subordinación -- Proposiciones subordinadas adjetivas -- Proposiciones subordinadas adverbiales -- Versificación...
650 _aGramática
_99175
650 _aEducación secundaria
_94648
650 _aLengua
_92065
650 _aLenguajev
_928283
942 _2ddc
_cLIBROS
945 _anom